| 000 | 00693nam a2200217 a 4500 | ||
|---|---|---|---|
| 001 | BRCA_796 | ||
| 005 | 20190320203144.0 | ||
| 008 | 060508s1985----sp-a---###---#000-0#spa-# | ||
| 020 | _a8434581957 | ||
| 041 |
_aspa _hger |
||
| 050 | 4 |
_aNE654.D9 _b.W56 1985 |
|
| 100 | 1 |
_aWinzinger, Franz _92649 |
|
| 245 | 1 | 0 |
_aDurero _cFranz Winzinger ; traducción Diorki Traductores. |
| 260 |
_aBarcelona _bSalvat _c1985 |
||
| 300 |
_a177 p. _bil. blanco y negro _c20 cm. |
||
| 440 | 0 |
_aBiblioteca Salvat de Grandes Biografías _v50 _92650 |
|
| 500 | _aTraducción de : Albrecht Dürer | ||
| 504 | _aBibliografía: p. 177 | ||
| 600 | 1 | 4 |
_aDurero, Alberto _d1471-1528 _xColecciones de arte _92651 |
| 942 |
_2lcc _cB |
||
| 999 |
_c692 _d692 |
||